| 000 | 01203nam a2200301 i 4500 | ||
|---|---|---|---|
| 003 | DO-SdBNP | ||
| 005 | 20260305073952.0 | ||
| 007 | ta | ||
| 008 | 250520b2010 dr abo|| |||| 00| 0 spa d | ||
| 020 | _a 9789945471021 | ||
| 040 |
_aDO-SdBNP _bspa _cBNPHU _erda |
||
| 041 | _aspa | ||
| 082 | 4 |
_axxx _bV335m _222 |
|
| 100 | 1 |
_aVásquez de Freites, Antonia, _eautor _4aut. _987841 |
|
| 245 | 1 | 0 |
_aMemorias de una curiosa / _cAntonia Vásquez de Freites ; prólogo, Manuel Salvador Gautier ; introducción, Frank Moya Pons ; edición, Tania Rodríguez, diseño y diagramación, Máximo Olivares ; revisión de textos, Relacionarte. |
| 264 |
_aSanto Domingo : _bAmigo del Hogar, _c2010 |
||
| 300 |
_a295 páginas : _bilustraciones, fotos, mapas ; _c29 cm. |
||
| 336 |
_atexto _btxt _2rdacontent |
||
| 337 |
_asin mediación _bn _2rdamedia |
||
| 338 |
_avolumen _bnc _2rdacarrier |
||
| 590 | _aInventariado, 2025 /LP | ||
| 700 |
_aGautier, Manuel Salvador, _d1930-2021 _eprologuista _4pr. _929016 |
||
| 700 | 1 |
_aMoya Pons, Frank, _d1944- _epresentador _4pr. _92095 |
|
| 700 |
_aRodríguez, Tania _eeditor _4ed. _987842 |
||
| 700 |
_aOlivares, Maxim _ddi. _ediseñador _987843 |
||
| 910 | _aLP | ||
| 942 |
_2ddc _cLBS1 |
||
| 999 |
_c59065 _d59065 |
||